Scende giù per Toledo /

Guardat en:
Dades bibliogràfiques
Autor principal: Patroni Griffi, Giuseppe, (1921-2005)
Format: Llibre
Idioma:italià
Publicat: Milano : Garzanti, 1975
Edició:2. ed
Col·lecció:Narratori moderni
Etiquetes: Afegir etiqueta
Sense etiquetes, Sigues el primer a etiquetar aquest registre!

MARC

LEADER 00000nam a22000007i 4500
001 IT\ICCU\CSA\0151600
003 ItRI
005 20250216194208.0
008 170606s1975 it |||||| ||||| |||||c
040 |b ita  |c Arcigay Genova 
041 7 |a ita  |2 ISO-639-2 
100 1 |a Patroni Griffi, Giuseppe,  |d  (1921-2005)  |0 IT\ICCU\CFIV\062107 
245 1 0 |a Scende giù per Toledo /  |c Giuseppe Patroni Griffi. 
250 |a 2. ed 
260 |a Milano :  |b Garzanti,  |c 1975 
300 |a 135 p. ;  |c 21 cm. 
830 0 |a Narratori moderni  |0 IT\ICCU\CFI\0000081 
942 |2 ddc  |c BK 
952 |0 0  |1 0  |2 ddc  |4 0  |6 853_914000000000000_PAT_SCE  |7 1  |9 3197  |a GE  |b GE  |d 2025-02-16  |l 0  |o 853.914 PAT SCE  |p 1525  |r 2025-02-16 19:43:51  |w 2025-02-16  |x Donazione di Alvaro Bazzano  |y BK  |z Donazione AB 
981 1 |6 z01  |a i   |b xxxe  
982 1 |6 z01  |a n 
999 |c 2576  |d 2576